[Event "Liga Vasca 2010 - Primera Division"]
[Site "Euskadi ESP"]
[Date "2010.02.06"]
[Round "5.33"]
[White "Prieto Aranguren, Alain"]
[Black "Arana Garate, Jon"]
[Result "1-0"]
[WhiteElo "2136"]
[BlackElo "1944"]
[PlyCount "27"]
[EventDate "2010.01.09"]
[EventType "team"]
[EventRounds "9"]
[EventCountry "ESP"]
[Source "lmi"]
[SourceDate "2010.01.09"]

1. d4 Nf6 2. c4 e6 3. Nc3 Bb4 4. e3 O-O 5. Bd3 b6 6. Nge2 Bb7 7. a3 Bxc3+ 8.
Nxc3 d5 9. O-O Nbd7 10. b4 a5 11. Bb2 axb4 12. axb4 dxc4 13. Bxc4 Qe7 14. Qb3
1-0

[Event "Liga Vasca 2010 - Primera Division"]
[Site "Euskadi ESP"]
[Date "2010.02.06"]
[Round "5.34"]
[White "Olabe Odriozola, Eduardo"]
[Black "Garitaonaindia Areitio, Iker"]
[Result "1-0"]
[WhiteElo "1857"]
[BlackElo "1886"]
[PlyCount "63"]
[EventDate "2010.01.09"]
[EventType "team"]
[EventRounds "9"]
[EventCountry "ESP"]
[Source "lmi"]
[SourceDate "2010.01.09"]

1. e4 d6 2. Bc4 Nf6 3. d3 e5 4. f4 exf4 5. Bxf4 Be6 6. Bxe6 fxe6 7. Nf3 Nc6 8.
O-O Qd7 9. c3 O-O-O 10. b4 e5 11. Be3 Ng4 12. Bd2 h6 13. b5 Ne7 14. c4 g5 15.
a4 Ng6 16. Qc2 Nf4 17. Nc3 Nf6 18. a5 g4 19. Nh4 N6h5 20. Nf5 Rg8 21. b6 cxb6
22. axb6 a6 23. Nd5 Nxd5 24. cxd5+ Kb8 25. Rfc1 Rc8 26. Qxc8+ Qxc8 27. Rxc8+
Kxc8 28. Rc1+ Kb8 29. g3 Nf6 30. Rc7 Ne8 31. Rh7 Ng7 32. Nxh6 1-0

[Event "Liga Vasca 2010 - Primera Division"]
[Site "Euskadi ESP"]
[Date "2010.02.06"]
[Round "5.41"]
[White "Arnaez Gil, Juan Ignacio"]
[Black "Jimenez Martin, Gustavo"]
[Result "1/2-1/2"]
[WhiteElo "2242"]
[BlackElo "2211"]
[PlyCount "48"]
[EventDate "2010.01.09"]
[EventType "team"]
[EventRounds "9"]
[EventCountry "ESP"]
[Source "lmi"]
[SourceDate "2010.01.09"]

1. Nf3 d5 2. g3 f5 3. c4 e6 4. b3 Nf6 5. Bg2 Bd6 6. O-O O-O 7. Bb2 b6 8. d4 Bb7
9. Ne5 Nbd7 10. Nd2 c5 11. cxd5 exd5 12. Ndc4 Be7 13. Ne3 Ne4 14. f3 Ng5 15.
Qd3 cxd4 16. Nxd7 Qxd7 17. Bxd4 Rad8 18. Rad1 g6 19. Bh1 Bf6 20. Bxf6 Rxf6 21.
f4 Ne4 22. Bxe4 fxe4 23. Qd4 Rf7 24. Kg2 h5 1/2-1/2

[Event "Liga Vasca 2010 - Primera Division"]
[Site "Euskadi ESP"]
[Date "2010.02.06"]
[Round "5.42"]
[White "Mombiela Martinez, Gonzalo"]
[Black "Arnold Perrier, Felipe"]
[Result "1/2-1/2"]
[WhiteElo "2142"]
[BlackElo "2148"]
[PlyCount "31"]
[EventDate "2010.01.09"]
[EventType "team"]
[EventRounds "9"]
[EventCountry "ESP"]
[Source "lmi"]
[SourceDate "2010.01.09"]

1. e4 c5 2. c3 d5 3. exd5 Qxd5 4. d4 Nf6 5. Nf3 Bg4 6. Be2 e6 7. O-O Nc6 8. Be3
cxd4 9. Nxd4 Bxe2 10. Qxe2 a6 11. Rd1 Be7 12. Nd2 O-O 13. Nc4 Rad8 14. Nxc6
Qxc6 15. Bd4 b5 16. Ne5 1/2-1/2

[Event "Liga Vasca 2010 - Primera Division"]
[Site "Euskadi ESP"]
[Date "2010.02.06"]
[Round "5.44"]
[White "Hernandorena De La Cruz, Egoi"]
[Black "Basto Auzmendi, Mario"]
[Result "0-1"]
[WhiteElo "2045"]
[BlackElo "2089"]
[PlyCount "76"]
[EventDate "2010.01.09"]
[EventType "team"]
[EventRounds "9"]
[EventCountry "ESP"]
[Source "lmi"]
[SourceDate "2010.01.09"]

1. e4 d5 2. exd5 Nf6 3. d4 Bg4 4. Bb5+ c6 5. dxc6 Qa5+ 6. Nc3 Nxc6 7. f3 Bf5 8.
Nge2 O-O-O 9. Bxc6 e5 10. Bxb7+ Kxb7 11. O-O exd4 12. Ne4 d3 13. cxd3 Qb6+ 14.
Kh1 Nxe4 15. fxe4 Bxe4 16. Rxf7+ Ka8 17. Ng3 Qe6 18. Rf1 Bb7 19. Qe1 Qg6 20.
Be3 Bd6 21. Qa5 Bb8 22. Qf5 Rxd3 23. Bf4 Qc6 24. Rf2 Rhd8 25. Ne2 g6 26. Qg5
Rd1+ 27. Rxd1 Rxd1+ 28. Ng1 Qe4 29. Be3 Re1 30. Bd2 Rd1 31. Qe3 Qh4 32. h3 Qd8
33. Bc3 Qd6 34. Be5 Qxe5 35. Qxe5 Bxe5 36. Re2 Bb8 37. Rc2 a5 38. Re2 Bd5 0-1

[Event "Liga Vasca 2010 - Primera Division"]
[Site "Euskadi ESP"]
[Date "2010.02.06"]
[Round "5.52"]
[White "Agirretxe San Sebastian, Jesus"]
[Black "Carasa del Portillo, Mikel"]
[Result "1-0"]
[WhiteElo "2153"]
[BlackElo "2043"]
[PlyCount "85"]
[EventDate "2010.01.09"]
[EventType "team"]
[EventRounds "9"]
[EventCountry "ESP"]
[Source "lmi"]
[SourceDate "2010.01.09"]

1. d4 Nf6 2. Nf3 c5 3. c4 cxd4 4. Nxd4 e5 5. Nb5 d5 6. cxd5 Bc5 7. N5c3 O-O 8.
h3 Bf5 9. e3 Qe7 10. Bc4 e4 11. a3 Nbd7 12. b4 Bd6 13. Bb2 Nb6 14. Bb3 Rfd8 15.
Qe2 Be5 16. O-O Nbxd5 17. Rd1 Nb6 18. Nb5 Rd3 19. Bxe5 Qxe5 20. Nd4 Bg6 21. Bc2
Bh5 22. g4 Rxd1+ 23. Bxd1 Bg6 24. Nd2 Qg5 25. Rc1 Nbd7 26. Qb5 Qxb5 27. Nxb5
Ne5 28. Nxa7 h5 29. Rc8+ Rxc8 30. Nxc8 hxg4 31. hxg4 Kf8 32. Nd6 b6 33. g5 Nd5
34. N6xe4 f5 35. gxf6 Nxf6 36. Nxf6 gxf6 37. f4 Nd7 38. e4 Ke7 39. Kf2 Bf7 40.
Ke3 Kd6 41. Kd4 b5 42. Be2 Kc6 43. Nb1 1-0

[Event "Liga Vasca 2010 - Primera Division"]
[Site "Euskadi ESP"]
[Date "2010.02.06"]
[Round "5.53"]
[White "Sanz Rodero, Mikel"]
[Black "Alvarez Ponga, Hugo"]
[Result "1/2-1/2"]
[WhiteElo "2056"]
[BlackElo "2096"]
[PlyCount "41"]
[EventDate "2010.01.09"]
[EventType "team"]
[EventRounds "9"]
[EventCountry "ESP"]
[Source "lmi"]
[SourceDate "2010.01.09"]

1. d4 e6 2. Nf3 f5 3. g3 Nf6 4. Bg2 g6 5. O-O Bg7 6. c4 O-O 7. b3 d6 8. Bb2
Nbd7 9. Nc3 Ne4 10. Qc2 Ndf6 11. Rad1 Qe7 12. Nd2 d5 13. Nf3 c6 14. Ne5 Nd7 15.
f4 Nxe5 16. fxe5 Bh6 17. Bc1 Bxc1 18. Qxc1 Nxc3 19. Qxc3 g5 20. e3 Bd7 21. Rf2
1/2-1/2

[Event "Liga Vasca 2010 - Primera Division"]
[Site "Euskadi ESP"]
[Date "2010.02.20"]
[Round "6.21"]
[White "Jimenez Martin, Gustavo"]
[Black "Angulo Martinez, Jon"]
[Result "0-1"]
[WhiteElo "2211"]
[BlackElo "2212"]
[PlyCount "64"]
[EventDate "2010.01.09"]
[EventType "team"]
[EventRounds "9"]
[EventCountry "ESP"]
[Source "lmi"]
[SourceDate "2010.01.09"]

1. d4 d5 2. Nc3 Nf6 3. Bg5 c6 4. Bxf6 exf6 5. e3 Qb6 6. Rb1 g6 7. Bd3 f5 8.
Nge2 Nd7 9. O-O Nf6 10. Na4 Qc7 11. Qc1 Ng4 12. g3 Bd6 13. b3 h5 14. f3 Nf6 15.
c4 h4 16. c5 Bf8 17. Nac3 Bh6 18. Kf2 Qe7 19. Nf4 Bd7 20. b4 Kf8 21. b5 Rd8 22.
bxc6 bxc6 23. Bc2 g5 24. Nd3 f4 25. exf4 hxg3+ 26. hxg3 gxf4 27. Nxf4 Bxf4 28.
Qxf4 Rh2+ 29. Kg1 Rxc2 30. Rbe1 Qxe1 31. Qh6+ Kg8 32. Qg5+ Kh7 0-1

[Event "Liga Vasca 2010 - Primera Division"]
[Site "Euskadi ESP"]
[Date "2010.02.20"]
[Round "6.22"]
[White "Diaz Herrero, Alvaro"]
[Black "Mombiela Martinez, Gonzalo"]
[Result "1/2-1/2"]
[WhiteElo "2143"]
[BlackElo "2142"]
[PlyCount "112"]
[EventDate "2010.01.09"]
[EventType "team"]
[EventRounds "9"]
[EventCountry "ESP"]
[Source "lmi"]
[SourceDate "2010.01.09"]

1. e4 c6 2. d4 g6 3. Nc3 Bg7 4. Nf3 d5 5. h3 dxe4 6. Nxe4 Nf6 7. Nxf6+ Bxf6 8.
Bh6 Be6 9. c3 Nd7 10. g4 Rg8 11. Ng5 Bd5 12. Rg1 Qc7 13. c4 Qa5+ 14. Qd2 Qxd2+
15. Kxd2 Bxg5+ 16. Bxg5 Be6 17. Kc3 f6 18. Bf4 Kf7 19. a4 Rac8 20. b4 Rgd8 21.
Bd3 Nf8 22. h4 Bd7 23. f3 Ne6 24. Be3 Nf8 25. Rgb1 Re8 26. Ra3 a6 27. b5 cxb5
28. axb5 Bxb5 29. c5 Bxd3 30. Kxd3 Rc7 31. Rab3 Rd8 32. Ke4 Rdd7 33. d5 f5+ 34.
Ke5 Rd8 35. Rxb7 Nd7+ 36. Kf4 Rxb7 37. Rxb7 Nf6 38. d6 Nd5+ 39. Kg5 Re8 40. Bd4
Ke6 41. Ra7 fxg4 42. fxg4 h5 43. Rxa6 hxg4 44. Kxg4 Rf8 45. dxe7+ Kxe7 46. Be5
Rf5 47. Bd6+ Kd7 48. Ra7+ Ke6 49. Rg7 Ne3+ 50. Kg3 Rxc5 51. Rxg6+ Kf7 52. Bxc5
Nf5+ 53. Kg4 Kxg6 54. h5+ Kh6 55. Bf8+ Ng7 56. Kh4 Kh7 1/2-1/2

[Event "Liga Vasca 2010 - Primera Division"]
[Site "Euskadi ESP"]
[Date "2010.02.20"]
[Round "6.23"]
[White "Monje Peinado, Roberto"]
[Black "Sanz Rodero, Mikel"]
[Result "1-0"]
[WhiteElo "2022"]
[BlackElo "2056"]
[PlyCount "115"]
[EventDate "2010.01.09"]
[EventType "team"]
[EventRounds "9"]
[EventCountry "ESP"]
[Source "lmi"]
[SourceDate "2010.01.09"]

1. d4 d5 2. c4 e6 3. Nf3 c6 4. Qc2 f5 5. g3 Nf6 6. Bg2 Bd6 7. O-O O-O 8. b3 Qe7
9. e3 Ne4 10. Nbd2 Nd7 11. Bb2 b6 12. Ne5 Bb7 13. Ndf3 Ndf6 14. Nd3 Rac8 15.
Nfe5 c5 16. f3 Ng5 17. dxc5 Bxc5 18. Nxc5 Qxc5 19. Bd4 Qe7 20. Qb2 Nf7 21. Nxf7
Rxf7 22. cxd5 Bxd5 23. Rac1 Rff8 24. Bxf6 Qxf6 25. Qxf6 gxf6 26. e4 fxe4 27.
fxe4 Bc6 28. Bh3 Kf7 29. Rf4 Ke7 30. Rh4 Rf7 31. Bf1 Bb7 32. Rxc8 Bxc8 33. e5
fxe5 34. Bd3 Bb7 35. Rxh7 e4 36. Rxf7+ Kxf7 37. Bc2 Kf6 38. Kf2 Kf5 39. Ke3 Kg4
40. Bxe4 Ba6 41. Bg2 Bb5 42. Kf2 a5 43. h3+ Kf5 44. Ke3 a4 45. Be4+ Kg5 46. Bd3
Bc6 47. bxa4 Bxa4 48. Kd4 Kf6 49. h4 Bd7 50. Kc4 Bc6 51. Kd4 Be8 52. Ke3 Ke5
53. Be2 Bd7 54. g4 Bb5 55. a3 Bd7 56. g5 Ba4 57. h5 Be8 58. h6 1-0

[Event "Liga Vasca 2010 - Primera Division"]
[Site "Euskadi ESP"]
[Date "2010.02.20"]
[Round "6.24"]
[White "Zabala Perez, Aritz"]
[Black "Hernandorena De La Cruz, Egoi"]
[Result "1/2-1/2"]
[WhiteElo "1888"]
[BlackElo "2045"]
[PlyCount "50"]
[EventDate "2010.01.09"]
[EventType "team"]
[EventRounds "9"]
[EventCountry "ESP"]
[Source "lmi"]
[SourceDate "2010.01.09"]

1. d4 Nf6 2. Nf3 e6 3. c4 c5 4. Nc3 cxd4 5. Nxd4 d5 6. Bf4 Nbd7 7. Qa4 Qb6 8.
Nb3 Bb4 9. Be3 Bxc3+ 10. bxc3 Qc7 11. cxd5 Nxd5 12. Bd2 O-O 13. Qd4 N7b6 14. e4
Ne7 15. Be2 Rd8 16. Qc5 Qxc5 17. Nxc5 Nd7 18. Nb3 b6 19. O-O Nc5 20. Bg5 Nxb3
21. axb3 f6 22. Be3 Bb7 23. f3 Nc6 24. Rfd1 Rxd1+ 25. Rxd1 Rd8 1/2-1/2

[Event "Liga Vasca 2010 - Primera Division"]
[Site "Euskadi ESP"]
[Date "2010.02.20"]
[Round "6.31"]
[White "Garro Beraza, Haritz"]
[Black "Arnaez Gil, Juan Ignacio"]
[Result "1-0"]
[WhiteElo "2075"]
[BlackElo "2242"]
[PlyCount "75"]
[EventDate "2010.01.09"]
[EventType "team"]
[EventRounds "9"]
[EventCountry "ESP"]
[Source "lmi"]
[SourceDate "2010.01.09"]

1. e4 c5 2. Nf3 d6 3. d4 cxd4 4. Nxd4 Nf6 5. Nc3 a6 6. f3 e5 7. Nb3 Be6 8. Be3
Be7 9. Qd2 Nbd7 10. O-O-O O-O 11. g4 b5 12. Rg1 b4 13. Nd5 Bxd5 14. exd5 a5 15.
g5 Nh5 16. Kb1 Qc7 17. Rg4 Rfc8 18. Bb5 Nb6 19. Qf2 Bd8 20. Bc6 Ra7 21. Qe2 g6
22. Nd2 Nf4 23. Bxf4 exf4 24. Ne4 a4 25. b3 axb3 26. cxb3 Nd7 27. Rxf4 Ne5 28.
Nf6+ Bxf6 29. gxf6 Nxc6 30. dxc6 Qxc6 31. Rc4 Qa8 32. Rxc8+ Qxc8 33. Rxd6 h5
34. Qd3 Qh3 35. Qd2 Qf1+ 36. Kb2 Qb5 37. Rd8+ Kh7 38. Rh8+ 1-0

[Event "Liga Vasca 2010 - Primera Division"]
[Site "Euskadi ESP"]
[Date "2010.02.20"]
[Round "6.33"]
[White "Arana Garate, Jon"]
[Black "Galarza Bilbao, Xabier"]
[Result "1/2-1/2"]
[WhiteElo "1944"]
[BlackElo "2147"]
[PlyCount "42"]
[EventDate "2010.01.09"]
[EventType "team"]
[EventRounds "9"]
[EventCountry "ESP"]
[Source "lmi"]
[SourceDate "2010.01.09"]

1. d4 d5 2. c4 e6 3. Nc3 Nf6 4. Bg5 Be7 5. e3 O-O 6. Nf3 Ne4 7. Bxe7 Qxe7 8.
Bd3 Nxc3 9. bxc3 dxc4 10. Bxc4 Nd7 11. O-O e5 12. Qc2 c6 13. a4 Re8 14. a5 Rb8
15. Rfb1 e4 16. Nd2 Nf8 17. Be2 Ng6 18. Nb3 Nh4 19. Bf1 f5 20. Nd2 Be6 21. g3
Ng6 1/2-1/2

[Event "Liga Vasca 2010 - Primera Division"]
[Site "Euskadi ESP"]
[Date "2010.02.20"]
[Round "6.34"]
[White "Basto Auzmendi, Mario"]
[Black "Garro Beraza, Julen"]
[Result "0-1"]
[WhiteElo "2089"]
[BlackElo "1873"]
[PlyCount "134"]
[EventDate "2010.01.09"]
[EventType "team"]
[EventRounds "9"]
[EventCountry "ESP"]
[Source "lmi"]
[SourceDate "2010.01.09"]

1. Nf3 Nf6 2. g3 g6 3. Bg2 Bg7 4. c4 d6 5. Nc3 O-O 6. d4 Nbd7 7. O-O e5 8. dxe5
dxe5 9. Be3 c6 10. Qd6 Re8 11. Rfd1 Qe7 12. Qxe7 Rxe7 13. Bh3 Re8 14. Ne4 Nb6
15. Bxc8 Nxc8 16. Nxf6+ Bxf6 17. Rd7 b5 18. cxb5 cxb5 19. Rc1 Nb6 20. Bxb6 axb6
21. Rc6 Re6 22. Rxe6 fxe6 23. a3 b4 24. Nd2 bxa3 25. bxa3 Rxa3 26. Ne4 Bg7 27.
Ng5 Ra8 28. Rb7 Re8 29. Rxb6 Bh6 30. Rxe6 Rxe6 31. Nxe6 Kf7 32. Nc5 Bf8 33. Ne4
h6 34. g4 Be7 35. Kg2 Ke6 36. Kf3 Bd8 37. Nc3 Ba5 38. Nd1 Bc7 39. Ke4 Bb6 40.
f3 Bd8 41. Ne3 Bc7 42. Nc4 Bb8 43. h3 Bc7 44. Nb2 Bd6 45. Nd3 Bb8 46. Nc5+ Kd6
47. Na6 Ba7 48. Nb4 Bb8 49. h4 Ke6 50. h5 gxh5 51. gxh5 Kf6 52. Nc6 Bc7 53. e3
Bd6 54. Kd5 Ba3 55. Nxe5 Kg5 56. Nc4 Bb4 57. e4 Kxh5 58. Ke6 Kg5 59. Ne5 h5 60.
Nd3 Bd2 61. e5 h4 62. Kd7 h3 63. e6 h2 64. Nf2 Bb4 65. e7 Bxe7 66. Kxe7 Kf4 67.
Kf6 Kxf3 0-1

[Event "Liga Vasca 2010 - Primera Division"]
[Site "Euskadi ESP"]
[Date "2010.02.20"]
[Round "6.41"]
[White "Salinero de Prado, Juan Manuel"]
[Black "Galzagorri Uli, Yeray"]
[Result "0-1"]
[WhiteElo "2132"]
[BlackElo "2281"]
[PlyCount "78"]
[EventDate "2010.01.09"]
[EventType "team"]
[EventRounds "9"]
[EventCountry "ESP"]
[Source "lmi"]
[SourceDate "2010.01.09"]

1. c4 e5 2. Nc3 Bb4 3. Nd5 Be7 4. Nf3 d6 5. d4 e4 6. Nd2 f5 7. e3 Nf6 8. h4 O-O
9. g3 c6 10. Nf4 Na6 11. Nb3 Nc7 12. Bd2 Ne6 13. Nxe6 Bxe6 14. Qc2 Qd7 15. Be2
c5 16. O-O-O Qa4 17. Kb1 Rfc8 18. dxc5 dxc5 19. Nc1 Qc6 20. Bc3 a6 21. Rd2 b5
22. Rhd1 Nd7 23. b3 b4 24. Bb2 a5 25. h5 h6 26. Rg1 Nf6 27. Qd1 Ra6 28. f3 a4
29. g4 fxg4 30. fxg4 Nh7 31. Bf1 Ng5 32. Rgg2 axb3 33. axb3 Ra5 34. Ne2 Rca8
35. Nf4 Qa6 36. Kc2 Ra2 37. Qb1 Bf6 38. Kd1 Bxb2 39. Nxe6 Ra1 0-1

[Event "Liga Vasca 2010 - Primera Division"]
[Site "Euskadi ESP"]
[Date "2010.02.20"]
[Round "6.43"]
[White "Martinez Pelaez, David"]
[Black "Prieto Aranguren, Alain"]
[Result "0-1"]
[WhiteElo "1972"]
[BlackElo "2136"]
[PlyCount "92"]
[EventDate "2010.01.09"]
[EventType "team"]
[EventRounds "9"]
[EventCountry "ESP"]
[Source "lmi"]
[SourceDate "2010.01.09"]

1. e4 c6 2. d4 d5 3. exd5 cxd5 4. c4 Nf6 5. Nc3 e6 6. Nf3 Be7 7. cxd5 Nxd5 8.
Bd3 O-O 9. O-O Nc6 10. Re1 Bf6 11. Be4 Nce7 12. Ne5 b6 13. Ng4 Bb7 14. Qd3 Ng6
15. a3 Rc8 16. Bd2 Bg5 17. Bxg6 hxg6 18. Ne5 Qe7 19. Ne4 Bxd2 20. Qxd2 Rfd8 21.
Ng5 f6 22. Nxg6 Qe8 23. Nxe6 Qxg6 24. Nxd8 Rxd8 25. f3 Rd7 26. Re4 f5 27. Re5
f4 28. Rae1 Ne3 29. R5xe3 fxe3 30. Qxe3 Kh7 31. Qf4 Rd5 32. Qe4 Qxe4 33. Rxe4
Rd7 34. Rh4+ Kg6 35. Kf2 Rc7 36. Kg3 Rc2 37. Rg4+ Kf7 38. Rf4+ Kg8 39. d5 Bxd5
40. Ra4 Rxb2 41. Rxa7 Ra2 42. Ra6 b5 43. Kh3 Bc4 44. g4 b4 45. Ra8+ Kh7 46. a4
b3 0-1

[Event "Liga Vasca 2010 - Primera Division"]
[Site "Euskadi ESP"]
[Date "2010.02.20"]
[Round "6.44"]
[White "Garitaonaindia Areitio, Iker"]
[Black "Hernandez Garcia, Maximo"]
[Result "0-1"]
[WhiteElo "1886"]
[BlackElo "2030"]
[PlyCount "118"]
[EventDate "2010.01.09"]
[EventType "team"]
[EventRounds "9"]
[EventCountry "ESP"]
[Source "lmi"]
[SourceDate "2010.01.09"]

1. e4 d6 2. d4 g6 3. Nf3 Nf6 4. Bd3 Bg7 5. O-O O-O 6. c3 Nc6 7. Bf4 Nh5 8. Bg3
e5 9. d5 Ne7 10. Bh4 Nf4 11. Bc2 h6 12. Na3 g5 13. Bg3 Neg6 14. Nc4 g4 15. Ne1
h5 16. Ne3 Qg5 17. Nf5 h4 18. Bxf4 exf4 19. f3 g3 20. h3 Ne5 21. b3 Bxf5 22.
exf5 Rae8 23. Qd2 Nd7 24. Be4 Nc5 25. Qc2 Qf6 26. Rc1 Nxe4 27. fxe4 Qe5 28. Nf3
Qxe4 29. Qxe4 Rxe4 30. Nxh4 Rfe8 31. Rc2 R8e5 32. Rd2 Bf6 33. Nf3 Rxf5 34. c4
Bc3 35. Rd3 Bb4 36. Rfd1 Kg7 37. Kf1 Bc5 38. Re1 Be3 39. Nd2 Re7 40. Nf3 Rh5
41. Re2 Kf6 42. Rc3 Rh8 43. Rcc2 Rhe8 44. Rb2 a5 45. Rbc2 c6 46. dxc6 bxc6 47.
Rc3 d5 48. cxd5 cxd5 49. Rc6+ Re6 50. Rec2 d4 51. Ke2 Rd8 52. Kd3 Bf2 53. R2c5
Rdd6 54. Rxd6 Rxd6 55. Rxa5 Re6 56. Rc5 Re3+ 57. Kd2 Rxf3 58. gxf3 g2 59. Rc1
Be3+ 0-1

[Event "Liga Vasca 2010 - Primera Division"]
[Site "Euskadi ESP"]
[Date "2010.02.20"]
[Round "6.51"]
[White "Nava Pereda, Carlos"]
[Black "Segura Del Frago, Imanol"]
[Result "1-0"]
[WhiteElo "2254"]
[BlackElo "2028"]
[PlyCount "47"]
[EventDate "2010.01.09"]
[EventType "team"]
[EventRounds "9"]
[EventCountry "ESP"]
[Source "lmi"]
[SourceDate "2010.01.09"]

1. d4 Nf6 2. c4 e6 3. Nc3 Bb4 4. Qc2 Nc6 5. Nf3 d6 6. Bd2 O-O 7. a3 Bxc3 8.
Bxc3 Qe7 9. g3 e5 10. d5 Nb8 11. Bg2 h6 12. O-O Nh7 13. Nh4 Ng5 14. Kh1 e4 15.
f4 exf3 16. exf3 Bh3 17. Bxh3 Nxh3 18. Bxg7 Re8 19. Bxh6 Qf6 20. Qd2 Kh7 21.
Be3 Rg8 22. Qd3+ Rg6 23. Nxg6 fxg6 24. Qd4 1-0

[Event "Liga Vasca 2010 - Primera Division"]
[Site "Euskadi ESP"]
[Date "2010.02.20"]
[Round "6.52"]
[White "Miguelez Garcia, Erlantz"]
[Black "Trigo Urquijo, Sergio"]
[Result "1/2-1/2"]
[WhiteElo "1958"]
[BlackElo "2243"]
[PlyCount "151"]
[EventDate "2010.01.09"]
[EventType "team"]
[EventRounds "9"]
[EventCountry "ESP"]
[Source "lmi"]
[SourceDate "2010.01.09"]

1. e4 d6 2. d4 Nf6 3. Nc3 e5 4. dxe5 dxe5 5. Qxd8+ Kxd8 6. Bc4 Be6 7. Bxe6 fxe6
8. f3 Nc6 9. Be3 Bd6 10. Nh3 a6 11. Nf2 Ke7 12. O-O-O b5 13. Nd3 Na5 14. b3 Nb7
15. Kb2 c5 16. a3 Rhc8 17. Rc1 Rc6 18. Ne2 c4 19. Nb4 Rc7 20. Bd2 a5 21. Na2
Nd7 22. b4 Nd8 23. Nec3 Rb7 24. bxa5 Nc6 25. Nb4 Bxb4 26. axb4 Nxb4 27. Ra1 Nc6
28. Na2 b4 29. c3 bxc3+ 30. Kxc3 Rxa5 31. Nb4 Rc5 32. Nxc6+ Rxc6 33. Rhb1 Rbc7
34. Be3 Nf6 35. Rb5 Nd7 36. Rbb1 Rd6 37. Rd1 Rxd1 38. Rxd1 Nf6 39. Rb1 Ne8 40.
Rb5 Nd6 41. Rxe5 Rb7 42. Bc5 Rb3+ 43. Kc2 Kd7 44. Bxd6 Kxd6 45. Rg5 g6 46. h4
Ra3 47. Kd2 Rd3+ 48. Kc2 Ra3 49. h5 gxh5 50. Rxh5 Ra2+ 51. Kc3 Rxg2 52. Rxh7
Rf2 53. Rf7 Ke5 54. Kxc4 Rd2 55. Kc3 Rd8 56. Kc4 Rd4+ 57. Kc5 Rd3 58. Kc6 Rd6+
59. Kc7 Rd3 60. Kc8 Ra3 61. Kd7 Ra8 62. Ke7 Rb8 63. Rf8 Rb7+ 64. Ke8 Ra7 65.
Rf7 Ra8+ 66. Ke7 Ra7+ 67. Ke8 Ra8+ 68. Ke7 Rb8 69. Rg7 Rb7+ 70. Kf8 Rb3 71. Rf7
Rb1 72. Kg8 Rg1+ 73. Rg7 Rf1 74. Rg3 Kf4 75. Rg6 Rxf3 76. Rxe6 1/2-1/2

[Event "Liga Vasca 2010 - Primera Division"]
[Site "Euskadi ESP"]
[Date "2010.02.20"]
[Round "6.53"]
[White "Wu Martin, Eneko"]
[Black "Etxaurren Gavina, Asier"]
[Result "1-0"]
[WhiteElo "2107"]
[BlackElo "1977"]
[PlyCount "83"]
[EventDate "2010.01.09"]
[EventType "team"]
[EventRounds "9"]
[EventCountry "ESP"]
[Source "lmi"]
[SourceDate "2010.01.09"]

1. e4 d5 2. exd5 Qxd5 3. Nc3 Qa5 4. Nf3 Nf6 5. d4 c6 6. Bc4 Bf5 7. O-O e6 8.
Bf4 Be7 9. Ne2 Nbd7 10. c3 O-O 11. Ng3 Bg6 12. Re1 Rfe8 13. b4 Qb6 14. Nh4 Nf8
15. Nxg6 Nxg6 16. Bd2 Bd6 17. Ne4 Nxe4 18. Rxe4 Qc7 19. Qh5 Bf4 20. Bxf4 Nxf4
21. Qf3 Ng6 22. h4 Nf8 23. h5 h6 24. Rae1 a5 25. a3 axb4 26. axb4 Ra3 27. g4
Nh7 28. Re5 Ng5 29. Qe3 f6 30. Rf5 Kh8 31. b5 Re7 32. Rc5 e5 33. f4 Ne6 34.
Bxe6 Rxe6 35. d5 Re7 36. dxc6 bxc6 37. Rxc6 Qd7 38. f5 Qd5 39. Qc5 Qf3 40. Qf2
Qxg4+ 41. Qg2 Qxh5 42. Rc8+ 1-0

[Event "Liga Vasca 2010 - Primera Division"]
[Site "Euskadi ESP"]
[Date "2010.02.20"]
[Round "6.54"]
[White "Zaballa Zarzosa, Jon"]
[Black "Rodriguez Gonzalez, Alex"]
[Result "0-1"]
[WhiteElo "1872"]
[BlackElo "2045"]
[PlyCount "78"]
[EventDate "2010.01.09"]
[EventType "team"]
[EventRounds "9"]
[EventCountry "ESP"]
[Source "lmi"]
[SourceDate "2010.01.09"]

1. e4 c5 2. Nf3 g6 3. d4 Bg7 4. Nc3 Qa5 5. Bc4 cxd4 6. Nxd4 Qc5 7. Bxf7+ Kxf7
8. Qf3+ Ke8 9. Nb3 Qc4 10. Bd2 Nh6 11. O-O-O Rf8 12. Qg3 d6 13. f3 Na6 14. Qh4
Ng8 15. Qxh7 Qf7 16. Qh4 Be6 17. f4 Bxb3 18. axb3 Rc8 19. e5 dxe5 20. fxe5 Nc5
21. b4 Na4 22. Nxa4 Qa2 23. c3 Qa1+ 24. Kc2 Qxa4+ 25. Kb1 a5 26. Qh7 Qc6 27.
Qxg7 Qe4+ 28. Kc1 axb4 29. Rhf1 Rxf1 30. Rxf1 Kd7 31. e6+ Qxe6 32. Qd4+ Qd6 33.
Qg4+ Kc7 34. Qc4+ Kb8 35. Qe2 Qd5 36. Bf4+ Ka8 37. Qg4 Qc4 38. Qf3 bxc3 39.
Qxc3 Qxf1+ 0-1

[Event "Liga Vasca 2010 - Primera Division"]
[Site "Euskadi ESP"]
[Date "2010.02.27"]
[Round "7.11"]
[White "Segura Del Frago, Imanol"]
[Black "Mancha Otano, Aritz"]
[Result "1-0"]
[WhiteElo "2028"]
[BlackElo "2036"]
[PlyCount "153"]
[EventDate "2010.01.09"]
[EventType "team"]
[EventRounds "9"]
[EventCountry "ESP"]
[Source "lmi"]
[SourceDate "2010.01.09"]

1. e4 e5 2. d4 exd4 3. Qxd4 Nc6 4. Qe3 g6 5. f4 d6 6. Bc4 Be6 7. Bxe6 fxe6 8.
Qb3 Nd4 9. Qa4+ Nc6 10. Nf3 Qd7 11. O-O Bg7 12. Nc3 Nf6 13. Qb3 O-O-O 14. a4 e5
15. Qc4 d5 16. exd5 Nxd5 17. Rd1 Nb6 18. Rxd7 Nxc4 19. Rxg7 Nb4 20. Ne1 Rhf8
21. b3 Nd2 22. Ba3 Rxf4 23. g3 Rf1+ 24. Kg2 Rdf8 25. Bxb4 R8f2+ 26. Kh3 Rh1 27.
Kg4 Rhxh2 28. Rd1 Rf5 29. Rg8+ Kd7 30. Rxd2+ Rxd2 31. Rg7+ Kd8 32. Rg8+ Kd7 33.
Rg7+ Kd8 34. Be7+ Ke8 35. Rxh7 Rd4+ 36. Kh3 Rf1 37. Bh4 g5 38. Rxc7 gxh4 39.
Nd3 hxg3 40. Nxe5 g2 41. Kxg2 Rf5 42. Nf3 Rdf4 43. Nb5 Rf6 44. Nbd4 Rg4+ 45.
Kh3 Rfg6 46. Rxb7 Rg3+ 47. Kh2 Rg2+ 48. Kh1 R2g3 49. Rh7 Rf6 50. a5 a6 51. b4
Kd8 52. Kh2 Rfg6 53. Kh1 Kc8 54. Kh2 Rg2+ 55. Kh3 R6g3+ 56. Kh4 Rg4+ 57. Kh5
R4g3 58. Ra7 Rh3+ 59. Nh4 Rgh2 60. Ndf5 Rxc2 61. Rxa6 Rb2 62. Rb6 Rhb3 63. Nd6+
Kc7 64. b5 Rd3 65. Nhf5 Rg2 66. Rb7+ Kd8 67. a6 Rh3+ 68. Nh4 Rgh2 69. Ndf5 Ra3
70. Kg5 Rha2 71. Kf6 Rxa6+ 72. bxa6 Rxa6+ 73. Ke5 Kc8 74. Rg7 Kb8 75. Nd6 Ra7
76. Rg8+ Kc7 77. Nb5+ 1-0

[Event "Liga Vasca 2010 - Primera Division"]
[Site "Euskadi ESP"]
[Date "2010.02.27"]
[Round "7.12"]
[White "Vilchez Gonzalez, Angel"]
[Black "Miguelez Garcia, Erlantz"]
[Result "1/2-1/2"]
[WhiteElo "1942"]
[BlackElo "1958"]
[PlyCount "104"]
[EventDate "2010.01.09"]
[EventType "team"]
[EventRounds "9"]
[EventCountry "ESP"]
[Source "lmi"]
[SourceDate "2010.01.09"]

1. e4 c5 2. Nc3 Nc6 3. g3 g6 4. Bg2 e5 5. d3 Bg7 6. f4 d6 7. Nf3 Nge7 8. O-O
O-O 9. Be3 Bd7 10. fxe5 Nxe5 11. Qd2 b5 12. Nxe5 Bxe5 13. d4 cxd4 14. Bxd4 Be6
15. Rad1 b4 16. Bxe5 dxe5 17. Nd5 Bxd5 18. exd5 Qd6 19. Qe3 Nf5 20. Qf2 Rac8
21. Bh3 Qc5 22. Rd2 Rfd8 23. d6 e4 24. Qxc5 Rxc5 25. Bxf5 gxf5 26. Kf2 Kg7 27.
Ke3 Kg6 28. Rf4 h5 29. h3 Rc6 30. g4 fxg4 31. hxg4 h4 32. d7 Rc7 33. Rd6+ Kg7
34. Rxe4 Rdxd7 35. Rxd7 Rxd7 36. Rxb4 Kg6 37. Rb5 Rc7 38. Kd3 Rd7+ 39. Ke2 Rd4
40. Rb8 Rxg4 41. Rg8+ Kf5 42. Rxg4 Kxg4 43. Kf2 f5 44. c4 f4 45. c5 Kf5 46. b4
h3 47. b5 Ke6 48. a4 Kd7 49. a5 Kc8 50. c6 Kb8 51. a6 Kc7 52. Kf3 Kb6 1/2-1/2